[Event "Meltwater Tour Final 2021"]
[Site "chess24.com INT"]
[Date "2021.10.01"]
[Round "6.6"]
[White "Nakamura,Hi"]
[Black "Mamedyarov,S"]
[Result "1-0"]
[WhiteElo "2736"]
[BlackElo "2762"]

1.d4 Nf6 2.c4 e6 3.Nf3 d5 4.Bg5 h6 5.Bh4 dxc4 6.e3 c5 7.Bxc4 cxd4 8.exd4 Be7
9.O-O O-O 10.Nc3 b6 11.Qe2 Bb7 12.Rad1 Nbd7 13.Rfe1 Rc8 14.d5 exd5 15.Qxe7 Qxe7
16.Rxe7 dxc4 17.Bxf6 Bxf3 18.Rdxd7 Bc6 19.Bh4 Bxd7 20.Rxd7 g5 21.Bg3 Rfd8
22.Rxa7 Rd2 23.h4 Rxb2 24.h5 Rd2 25.f3 Rd3 26.Be5 Re8 27.Bf6 Kf8 28.Ne4 c3
29.Rc7 g4 30.Kf2 gxf3 31.gxf3 Ra8 32.Nxc3 Rd6 33.Be7+  1-0

[Event "Meltwater Tour Final 2021"]
[Site "chess24.com INT"]
[Date "2021.10.01"]
[Round "6.3"]
[White "Nakamura,Hi"]
[Black "Mamedyarov,S"]
[Result "1-0"]
[WhiteElo "2736"]
[BlackElo "2762"]

1.d4 Nf6 2.c4 e6 3.Nf3 d5 4.Bg5 h6 5.Bh4 dxc4 6.e3 b5 7.a4 c6 8.Be2 Nbd7
9.O-O Bb7 10.axb5 cxb5 11.b3 Be7 12.bxc4 bxc4 13.Bxc4 O-O 14.Nbd2 Ne4 15.Bxe7 Qxe7
16.Nb3 Nb6 17.Bd3 Nc3 18.Qd2 Bxf3 19.Qxc3 Qg5 20.g3 Rfc8 21.Qa5 Bd5 22.Nd2 e5
23.e4 Be6 24.dxe5 Bh3 25.Rfe1 Rd8 26.f4 Qe7 27.Ba6 Rd7 28.Nf3 Rad8 29.Qa3 Qxa3
30.Rxa3 Rc7 31.Rea1 Rc2 32.Ne1 Rb2 33.Bd3 Nd7 34.Rxa7 Nc5 35.Ra8 Rxa8 36.Rxa8+ Kh7
37.Bc2 g5 38.f5 Nxe4 39.e6 fxe6 40.fxe6 Rxc2 41.Nxc2 Bxe6 42.Ra7+ Kh8 43.Ra6  1-0

[Event "Meltwater Tour Final 2021"]
[Site "chess24.com INT"]
[Date "2021.10.01"]
[Round "6.7"]
[White "Nakamura,Hi"]
[Black "Mamedyarov,S"]
[Result "1-0"]
[WhiteElo "2736"]
[BlackElo "2762"]

1.Nf3 d5 2.e3 Nf6 3.c4 c5 4.cxd5 Nxd5 5.Nc3 Nc6 6.d4 e6 7.Bd3 Be7 8.O-O O-O
9.Qe2 b6 10.Nxd5 exd5 11.dxc5 bxc5 12.Rd1 Be6 13.b3 Bf6 14.Bb2 Nb4 15.Ne1 Qe7
16.Rac1 Rac8 17.Bb1 Bxb2 18.Qxb2 g6 19.a3 Nc6 20.Nd3 c4 21.Nf4 cxb3 22.Qxb3 Na5
23.Qb4 Qxb4 24.axb4 Nc6 25.b5 Nb4 26.Ne2 Rxc1 27.Rxc1 Rc8 28.Rxc8+ Bxc8 29.Nc3 Kf8
30.Kf1 Ke7 31.Ke1 Kd6 32.Kd2 Kc5 33.h4 h5 34.f3 Bd7 35.Ne2 Bxb5 36.Nf4 Bd7
37.Kc3 a5 38.Ne2 Bb5 39.Nd4 Bc4 40.g4 a4 41.gxh5 gxh5 42.Bh7 a3 43.Bg8 a2
44.Kb2 Nd3+ 45.Ka1 Ne1 46.Bxf7 Kb4 47.Bxh5 Kc3 48.Bg6 Kd2 49.h5 Bd3 50.e4 Kc3
51.h6 Kxd4 52.h7  1-0

[Event "Meltwater Tour Final 2021"]
[Site "chess24.com INT"]
[Date "2021.10.01"]
[Round "6.2"]
[White "Mamedyarov,S"]
[Black "Nakamura,Hi"]
[Result "1-0"]
[WhiteElo "2762"]
[BlackElo "2736"]

1.d4 Nf6 2.Nf3 d5 3.g3 Bf5 4.c4 e6 5.Qb3 Nc6 6.Bg2 dxc4 7.Qxc4 Qd5 8.Qa4 Bb4+
9.Bd2 Bxb1 10.Bxb4 Be4 11.O-O a5 12.Bd2 O-O 13.Bf4 Rac8 14.Rfc1 Rfd8 15.Rc5 Qd7
16.Rac1 Nd5 17.Be3 Qe8 18.Qb5 Rb8 19.a3 h6 20.Ne1 Bxg2 21.Nxg2 Qe7 22.Qc4 Rd7
23.Ne1 Nb6 24.Qc2 Rbd8 25.Nf3 Rd5 26.Bd2 Rxc5 27.dxc5 Nd5 28.e4 Nf6 29.b4 axb4
30.axb4 Nd4 31.Nxd4 Rxd4 32.Bc3 Rd7 33.f3 c6 34.Rd1 Ne8 35.Kf2 Nc7 36.Ke2 Nb5
37.Bb2 Qd8 38.Rxd7 Qxd7 39.Qd3 Qe8 40.f4 Qa8 41.Qb3 Qa6 42.Kf2 Qa8 43.h4 Qd8
44.Ke3 h5 45.Qd3 Qxd3+ 46.Kxd3 f6 47.Ke3 Kf7 48.Kf3 Kg6 49.Ke3 Nc7 50.Bc3 Kf7
51.Bb2 Kg6 52.Bc3 Kh7 53.Bb2 Kg8 54.Bc3 Kf7 55.Bb2 f5 56.Be5 Na6 57.Bc3 fxe4
58.Kxe4 g6 59.Ke5 Nc7 60.Bd2 Ke7 61.Be1 Ne8 62.Bd2 Ng7 63.Be1 Nf5 64.Ke4 Nh6
65.Ke5 Nf7+ 66.Ke4 Kd7 67.Bc3 Kd8 68.Kf3 Kc7 69.Bd4 Kc8 70.Bg7 Kd8 71.g4 Ke7
72.gxh5 gxh5 73.Ke4 Nd8 74.f5 Nf7 75.Kf4 Kd7 76.Bf6 Nh6 77.Kg5 Ng4 78.Bd4 e5
79.Bc3 e4 80.Kxh5 Ne3 81.Kg6 Nd5 82.f6 Ke6 83.h5 Nf4+ 84.Kg5 Nh3+ 85.Kg4 Nf2+
86.Kf4  1-0

[Event "Meltwater Tour Final 2021"]
[Site "chess24.com INT"]
[Date "2021.10.01"]
[Round "6.1"]
[White "Nakamura,Hi"]
[Black "Mamedyarov,S"]
[Result "1/2-1/2"]
[WhiteElo "2736"]
[BlackElo "2762"]

1.d4 Nf6 2.c4 e6 3.Nf3 c5 4.d5 b5 5.dxe6 fxe6 6.cxb5 d5 7.g3 a6 8.bxa6 Be7
9.Bg2 O-O 10.O-O Nc6 11.Nc3 Bxa6 12.Re1 h6 13.b3 Qe8 14.Bh3 Nd8 15.e3 Bb7
16.Bg2 Nc6 17.Bb2 Qf7 18.a3 Rad8 19.Qe2 e5 20.Na4 e4 21.Ne5 Nxe5 22.Bxe5 d4
23.h3 d3 24.Qd2 Rd5 25.Bb2 Rh5 26.Rac1 Nd7 27.b4 c4 28.Bd4 Ne5 29.Bxe5 Rxe5
30.Nb6 Ba6 31.Rf1 Qe6 32.Na4 Rh5 33.Qa2 Kh8 34.Nc3 Bb7 35.Nb1 Bd5 36.Nc3 Bb7
37.Nb1 Rc8 38.Qd2 Rxh3 39.Qd1 Rf8 40.Rxc4 Rxg3 41.fxg3 Rxf1+ 42.Qxf1 Qxc4
43.Nd2 Qe6 44.Qf4 Bd6 45.Qh4 g5 46.Qh1 Kg7 47.Bxe4 Bxg3 48.Qf3 Be1 49.Bxb7 Bxd2
50.Be4 Qc4 51.Kg2 Qc2 52.Qf5 Bxe3+ 53.Kh3 Qf2 54.Qg6+ Kf8 55.Qd6+ Kg7 56.Qg6+ Kf8
57.Qd6+ Kg7 58.Qg6+  1/2-1/2

[Event "Meltwater Tour Final 2021"]
[Site "chess24.com INT"]
[Date "2021.10.02"]
[Round "7.2"]
[White "Nakamura,Hi"]
[Black "Vachier Lagrave,M"]
[Result "1/2-1/2"]
[WhiteElo "2736"]
[BlackElo "2763"]

1.d4 Nf6 2.c4 g6 3.Nf3 Bg7 4.e3 O-O 5.Be2 b6 6.O-O Bb7 7.Nc3 e6 8.b4 d6 9.Qc2 Nbd7
10.Rd1 c5 11.Ba3 Qe7 12.Rab1 Rfd8 13.bxc5 dxc5 14.Nd2 Rac8 15.Nb3 Ba8 16.Nb5 a6
17.Nc3 Ne8 18.d5 Nd6 19.Bb2 b5 20.cxb5 axb5 21.Nxb5 Nxb5 22.Bxb5 exd5 23.Bxg7 Kxg7
24.Rbc1 d4 25.Bxd7 Qxd7 26.Nxc5 Qd5 27.f3 Qg5 28.f4 Qg4 29.h3 Qg3 30.exd4 Qxf4
31.Qf2 Qg5 32.a4 Bd5 33.Re1 Rc6 34.Rc3 Rf6 35.Qg3 Qd2 36.Rd3 Qb2 37.Red1 Rf5
38.R3d2 Qb4 39.Rf2 Rxf2 40.Qxf2 Re8 41.Qd2 Qc4 42.Qd3 Qa2 43.Qd2 Re2 44.Qxa2 Rxa2
45.g4 Rg2+ 46.Kf1 Rg3 47.Ra1 Rxh3 48.Kf2 Rf3+ 49.Ke2 Rf4 50.Ke3 Rxg4 51.a5 h5
52.Nd7 h4 53.Nb6 Rg3+ 54.Kf2 Rg2+ 55.Ke3 Rg3+ 56.Kf2 Rg2+ 57.Ke3 Rg3+  1/2-1/2

[Event "Meltwater Tour Final 2021"]
[Site "chess24.com INT"]
[Date "2021.10.02"]
[Round "7.1"]
[White "Vachier Lagrave,M"]
[Black "Nakamura,Hi"]
[Result "1-0"]
[WhiteElo "2763"]
[BlackElo "2736"]

1.e4 e5 2.Nf3 Nc6 3.Bb5 Nf6 4.O-O Nxe4 5.d4 Nd6 6.Bxc6 dxc6 7.dxe5 Nf5 8.Qe2 Nd4
9.Nxd4 Qxd4 10.h3 Be6 11.Rd1 Qc4 12.Rd3 Be7 13.b3 Qh4 14.Nd2 O-O 15.Rg3 Rfe8
16.Nf3 Qh5 17.Bg5 Bd5 18.Bxe7 Rxe7 19.Re1 Rae8 20.Qd2 h6 21.Qa5 a6 22.Re3 Qf5
23.Nd4 Qh5 24.Qc3 c5 25.Ne2 Qf5 26.Rg4 Be6 27.Qxc5 Bc8 28.Ng3 Qh7 29.Rd4 Qg6
30.Kh2 b6 31.Qc3 Kh7 32.f4 f6 33.Rde4 h5 34.exf6 Rxe4 35.Nxe4 Rxe4 36.Rxe4 Qxe4
37.Qxc7 Bd7 38.f7 Bc6 39.Qxc6 Qxc6 40.f8=Q Qxc2 41.Qe8 Qf5 42.Qe5 Qg6 43.Qg5 Qe8
44.Qf5+ Kh6 45.Qd3 Qf8 46.Kg3 Qe7 47.Kf3 Qb7+ 48.Kf2 Qc7 49.Kf3 Qc6+ 50.Kg3 a5
51.a4 Qe6 52.Kf2 Qf6 53.Qe3 Kh7 54.Kf3 Qd6 55.g4 hxg4+ 56.hxg4 Kg8 57.Qe8+ Kh7
58.Qe4+ Kh8 59.Kg3 Qd7 60.g5 Qd1 61.g6 Qxb3+ 62.Kh4 Qg8 63.Qh1 Qe8 64.Kg5+  1-0

[Event "Meltwater Tour Final 2021"]
[Site "chess24.com INT"]
[Date "2021.10.02"]
[Round "7.3"]
[White "Vachier Lagrave,M"]
[Black "Nakamura,Hi"]
[Result "1/2-1/2"]
[WhiteElo "2763"]
[BlackElo "2736"]

1.e3 e6 2.Nf3 d5 3.c4 Nf6 4.b3 b6 5.Bb2 Bb7 6.Be2 dxc4 7.bxc4 c5 8.O-O Be7
9.d3 O-O 10.Nbd2 Nc6 11.Bc3 Ne8 12.Qb3 Bf6 13.Ne4 Bxc3 14.Nxc3 Rc8 15.Rfd1 Nd6
16.Nb5 Qe7 17.Nxd6 Qxd6 18.a4 Qc7 19.Qc3 Rfd8 20.Nd2 Rd7 21.Nb3 a5 22.d4 cxd4
23.Nxd4 Rcd8 24.Nb5 Qe5 25.Rxd7 Rxd7 26.Rc1 Qc5 27.Bf3 h6 28.h4 Nb4 29.Rd1 Rxd1+
30.Bxd1 Be4 31.Qd4 Qxd4 32.exd4 Kf8 33.f3 Bd3 34.Na3 g5 35.hxg5 hxg5 36.Kf2 Ke7
37.Ke3 f6 38.g3 e5 39.f4 exf4+ 40.gxf4 Bf5 41.fxg5 fxg5 42.Nb5 Be6 43.c5 Nd5+
44.Ke4 Nf6+ 45.Ke3 Bd7 46.Nc3 bxc5 47.dxc5 Bc6 48.Bb3 g4 49.Kf4 Bf3 50.Nb5 Nd7
51.c6 Bxc6 52.Kxg4 Nc5 53.Nd4 Bd7+ 54.Kf4 Kd6 55.Ke3 Nxb3 56.Nxb3 Bxa4 57.Nxa5 Bb3
58.Nxb3  1/2-1/2

[Event "Meltwater Tour Final 2021"]
[Site "chess24.com INT"]
[Date "2021.10.02"]
[Round "7.5"]
[White "Vachier Lagrave,M"]
[Black "Nakamura,Hi"]
[Result "1-0"]
[WhiteElo "2763"]
[BlackElo "2736"]

1.e4 e5 2.Nf3 Nc6 3.Bc4 Bc5 4.O-O Nf6 5.d3 O-O 6.Re1 Ng4 7.Re2 Kh8 8.h3 f5
9.Bg5 Nf6 10.exf5 d6 11.c3 Bb6 12.d4 exd4 13.cxd4 Bxf5 14.Nc3 h6 15.Be3 Ne7
16.d5 Bxe3 17.Rxe3 Bd7 18.Nd4 Nf5 19.Nxf5 Bxf5 20.Nb5 Nd7 21.Bd3 Bxd3 22.Qxd3 Ne5
23.Qc3 Qh4 24.Rf1 Rf7 25.Nd4 Ng6 26.Ne6 Nf4 27.Nxf4 Rxf4 28.Qxc7 Raf8 29.Qxd6 R4f6
30.Qc5 b6 31.Qe7 Qd4 32.Qe5 Qc5 33.Re2 Rf5 34.Qe7 Qxd5 35.Qxa7 Rg5 36.f4 Qd4+
37.Kh2 Ra5 38.Qc7 Rxa2 39.Rff2 Raa8 40.f5 Rac8 41.Qg3 Rc5 42.Qg6 Qf6 43.Re6 Qf7
44.Qxf7 Rxf7 45.f6 Rb5 46.fxg7+ Kxg7 47.Rxf7+ Kxf7 48.Rxh6 Rxb2 49.h4 b5
50.Rb6 b4 51.Kh3 Rb1 52.Kg4 b3 53.Kg5 b2 54.h5  1-0

[Event "Meltwater Tour Final 2021"]
[Site "chess24.com INT"]
[Date "2021.10.02"]
[Round "7.6"]
[White "Nakamura,Hi"]
[Black "Vachier Lagrave,M"]
[Result "1-0"]
[WhiteElo "2736"]
[BlackElo "2763"]

1.d4 d5 2.Nf3 Nf6 3.e3 Bf5 4.c4 c6 5.Nc3 e6 6.Nh4 Bg6 7.Nxg6 hxg6 8.Rb1 Nbd7
9.c5 e5 10.b4 Be7 11.b5 Qc7 12.h3 exd4 13.exd4 Nf8 14.Qa4 Ne6 15.bxc6 bxc6
16.Ba6 Nd8 17.Ne2 O-O 18.Bf4 Qd7 19.O-O Ne8 20.Qa5 Ne6 21.Bb7 Nf6 22.Bxa8 Rxa8
23.Be5 Ne4 24.Rb2 Kh7 25.f3 Nf6 26.Qa6 Nd8 27.Rb8 Rxb8 28.Bxb8  1-0

[Event "Meltwater Tour Final 2021"]
[Site "chess24.com INT"]
[Date "2021.10.02"]
[Round "7.7"]
[White "Nakamura,Hi"]
[Black "Vachier Lagrave,M"]
[Result "1-0"]
[WhiteElo "2736"]
[BlackElo "2763"]

1.d4 Nf6 2.c4 g6 3.Nf3 Bg7 4.e3 O-O 5.Be2 b6 6.O-O Bb7 7.Nc3 e6 8.Qc2 d5
9.b3 Nbd7 10.Ba3 c5 11.Rfd1 Qe7 12.Na4 Rac8 13.dxc5 bxc5 14.Rac1 Rfd8 15.Qb1 Nb6
16.Nxc5 Rxc5 17.Bxc5 Qxc5 18.cxd5 Qe7 19.dxe6 Rxd1+ 20.Rxd1 Qxe6 21.Nd4 Qe7
22.Bf3 Ne4 23.Qc2 h5 24.Nb5 Be5 25.Nd4 Kg7 26.h3 h4 27.a4 Nc8 28.Bxe4 Bxe4
29.Qxc8 Bd6 30.Nb5 Be5 31.Qd8 Qc5 32.Nd6 Qc2 33.Nxe4  1-0

[Event "Meltwater Tour Final 2021"]
[Site "chess24.com INT"]
[Date "2021.10.02"]
[Round "7.4"]
[White "Nakamura,Hi"]
[Black "Vachier Lagrave,M"]
[Result "1-0"]
[WhiteElo "2736"]
[BlackElo "2763"]

1.d4 Nf6 2.c4 g6 3.Nf3 Bg7 4.e3 O-O 5.Be2 d6 6.O-O e5 7.Nc3 Qe7 8.b4 Rd8
9.Bb2 Bf5 10.Re1 c6 11.a4 e4 12.Nd2 d5 13.Ba3 Bf8 14.b5 Qe8 15.Bxf8 Qxf8
16.Nb3 a5 17.c5 Nbd7 18.Qd2 Rdb8 19.b6 Qd8 20.Na2 h5 21.Reb1 h4 22.Nxa5 h3
23.Nb4 Rxa5 24.Nxc6 bxc6 25.Qxa5 hxg2 26.Qe1 Ng4 27.Bxg4 Bxg4 28.f4 exf3
29.Rb2 Nf6 30.Qg3 Bh5 31.Qd6 Qe8 32.Qe5 Qd8 33.a5 Ne4 34.a6 Ng5 35.Qg3 Qe7
36.Re1 Kh7 37.a7 Ra8 38.b7 Rxa7 39.b8=Q Ra4 40.h4 Nh3+ 41.Qxh3 Rxd4 42.Qbg3 Re4
43.Qf2 d4 44.Rb3 f5 45.Qhg3 Qf7 46.Reb1 Re7 47.exd4 f4 48.Qg5  1-0

[Event "Meltwater Tour Final 2021"]
[Site "chess24.com INT"]
[Date "2021.10.03"]
[Round "8.6"]
[White "Nakamura,Hi"]
[Black "Artemiev,V"]
[Result "1/2-1/2"]
[WhiteElo "2736"]
[BlackElo "2699"]

1.d4 d6 2.e4 g6 3.Nf3 Bg7 4.Bc4 e6 5.Qe2 b6 6.c3 Bb7 7.Bd3 Nd7 8.O-O a6 9.a4 Ne7
10.Rd1 h6 11.Nbd2 g5 12.Nf1 Ng6 13.e5 dxe5 14.Nxe5 Ngxe5 15.dxe5 Qe7 16.Be4 Bxe4
17.Qxe4 O-O 18.f4 Rad8 19.Qe2 gxf4 20.Bxf4 Qc5+ 21.Be3 Qxe5 22.Qxa6 Nf6 23.Bd4 Qh5
24.Ng3 Qg4 25.Qe2 Qxe2 26.Nxe2 Ne4 27.Bxg7 Kxg7 28.Nd4 Rd5 29.Nb5 c6 30.Rxd5 cxd5
31.b4 Rb8 32.Kf1 Kf6 33.Ke2 Ke7 34.Kd3 Kd7 35.c4 Nf6 36.Rf1 Ke7 37.Na7 Ra8
38.Nc6+ Kd6 39.Rxf6 Kxc6 40.cxd5+ Kxd5 41.Rxf7 Rxa4 42.Rd7+ Kc6 43.Rh7 Rxb4
44.Rxh6 Kd5 45.Rh8 Rb3+ 46.Kc2 Ra3 47.Rg8 e5 48.h4 e4 49.h5 Ra2+ 50.Kb3 Ra1
51.Kc3 Rh1 52.Rg5+ Ke6 53.Kd4 Kf6 54.Rb5 Rg1 55.Rxb6+ Kg5 56.Kxe4 Kxh5 57.Kf3 Rf1+
58.Kg3 Kg5 59.Rb5+ Kg6 60.Kg4 Rf6 61.Re5 Ra6 62.Re4 Rb6 63.Ra4 Rc6 64.Kh4 Rb6
65.Rg4+ Kh6 66.Ra4 Rc6 67.g4 Rb6 68.Ra8 Kg7 69.Kh5 Rb5+ 70.g5 Rb6 71.Ra7+ Kg8
72.Rd7 Ra6 73.Rd4 Kg7 74.Rf4 Rb6 75.Ra4 Rc6 76.Ra7+ Kg8 77.Kg4 Rc4+ 78.Kh5 Rc6
79.Rd7 Rb6 80.Re7 Rc6 81.Kg4 Rb6 82.Kf5 Rc6 83.Re6 Rxe6 84.Kxe6 Kg7 85.Kf5 Kf7
86.g6+ Kg7 87.Kg5 Kg8 88.Kf6 Kf8 89.g7+ Kg8 90.Kg6  1/2-1/2

[Event "Meltwater Tour Final 2021"]
[Site "chess24.com INT"]
[Date "2021.10.03"]
[Round "8.5"]
[White "Artemiev,V"]
[Black "Nakamura,Hi"]
[Result "0-1"]
[WhiteElo "2699"]
[BlackElo "2736"]

1.Nf3 d5 2.g3 g6 3.Bg2 Bg7 4.O-O e5 5.d3 Nc6 6.Nc3 Nge7 7.e4 dxe4 8.dxe4 O-O
9.Be3 Bg4 10.h3 Qxd1 11.Raxd1 Bxf3 12.Bxf3 Nd4 13.Bg2 Rfd8 14.Rd2 Rd6 15.Nb1 Nc8
16.c3 Ne6 17.Rfd1 Bf8 18.Kf1 Nb6 19.Rxd6 Bxd6 20.h4 Kf8 21.Bh3 Ke7 22.b3 Nd7
23.Ke2 a5 24.Nd2 b5 25.a4 c6 26.Ra1 Bc5 27.axb5 cxb5 28.b4 Bxe3 29.Kxe3 a4
30.Bf1 Nc7 31.Nb1 Nf6 32.Na3 Rb8 33.Be2 Nfe8 34.f4 f6 35.h5 g5 36.fxg5 fxg5
37.h6 Nd6 38.Rf1 Nce8  0-1

[Event "Meltwater Tour Final 2021"]
[Site "chess24.com INT"]
[Date "2021.10.03"]
[Round "8.3"]
[White "Nakamura,Hi"]
[Black "Artemiev,V"]
[Result "1/2-1/2"]
[WhiteElo "2736"]
[BlackElo "2699"]

1.Nf3 d5 2.g3 Bg4 3.Bg2 Nd7 4.h3 Bh5 5.d3 e6 6.c4 dxc4 7.dxc4 c6 8.O-O Ngf6
9.Nc3 Be7 10.Bf4 O-O 11.Nd2 a5 12.Na4 Nb6 13.Re1 Nfd7 14.Nxb6 Qxb6 15.Qc2 Bc5
16.Ne4 Bg6 17.Rf1 e5 18.Bd2 Be7 19.Rad1 Qc7 20.Qc1 f5 21.Nc3 Nc5 22.Be3 a4
23.f4 exf4 24.Bxf4 Qb6 25.Kh2 Kh8 26.Be5 Rae8 27.Qf4 Ne6 28.Qf3 Qc5 29.Bf4 Qxc4
30.Rd7 Nc5 31.Rxe7 Rxe7 32.Bd6 Ree8 33.Bxf8 Rxf8 34.Qe3 Re8 35.Qd2 Qe6 36.Qd4 Qe5
37.Rd1 Qxd4 38.Rxd4 Kg8 39.Rc4 Re5 40.Bf3 b5 41.Rd4 Be8 42.Rd8 b4 43.Nb1 Kf7
44.Rb8 b3 45.axb3 Nxb3 46.Nc3 Nd4 47.Kg1 Ra5 48.Kf2 a3 49.bxa3 Rxa3 50.Nd1 Nxf3
51.exf3 Bd7 52.f4 Ra2+ 53.Ke3 c5 54.Rb6 Ra3+ 55.Kf2 Ra2+ 56.Ke3 Be6 57.Rb7+ Kf6
58.Rb6 Ra3+ 59.Kf2 g6 60.Ne3 Ra2+ 61.Kf3 Ke7 62.Rc6 c4 63.g4 Kd7 64.Rb6 c3
65.Rb1 Kd6 66.Rc1 Ra3 67.Ke2 Kc5 68.Kd3 c2+ 69.Kd2 fxg4 70.hxg4 Bb3 71.Nxc2 Ra2
72.Kd3 Bxc2+ 73.Rxc2+ Rxc2 74.Kxc2 Kd4 75.f5 Ke5 76.Kd2 gxf5 77.gxf5 Kxf5
78.Ke2 h5 79.Kf2 h4 80.Kg1 Kg4 81.Kh1 h3 82.Kg1 Kg3 83.Kh1 h2  1/2-1/2

[Event "Meltwater Tour Final 2021"]
[Site "chess24.com INT"]
[Date "2021.10.03"]
[Round "8.4"]
[White "Artemiev,V"]
[Black "Nakamura,Hi"]
[Result "1-0"]
[WhiteElo "2699"]
[BlackElo "2736"]

1.c4 e5 2.Nc3 Nf6 3.e3 d5 4.cxd5 Nxd5 5.Nf3 Nc6 6.Qc2 Ndb4 7.Qb1 f5 8.a3 Nd5
9.d3 Be6 10.Be2 Be7 11.O-O O-O 12.Nxd5 Bxd5 13.b4 a6 14.Bb2 Bd6 15.Bc3 Qe7
16.b5 axb5 17.Qxb5 Bf7 18.Qxb7 Na5 19.Qb2 Rfb8 20.Qc2 Nb3 21.Rab1 Rxa3 22.d4 e4
23.Nd2 Rb6 24.Nc4 Bxh2+ 25.Kxh2 Qh4+ 26.Kg1 Rg6 27.Ne5 Rh6 28.f3 Qg3 29.Nxf7 Rh2
30.Bc4 Qh4 31.Ng5+  1-0

[Event "Meltwater Tour Final 2021"]
[Site "chess24.com INT"]
[Date "2021.10.03"]
[Round "8.2"]
[White "Artemiev,V"]
[Black "Nakamura,Hi"]
[Result "0-1"]
[WhiteElo "2699"]
[BlackElo "2736"]

1.Nf3 d5 2.g3 g6 3.c4 dxc4 4.Na3 Bg7 5.Nxc4 Nc6 6.d3 e5 7.Bd2 Be6 8.Bg2 Nge7
9.O-O a5 10.Qc1 O-O 11.Bh6 Bxh6 12.Qxh6 Nf5 13.Qc1 Ncd4 14.Re1 Nxf3+ 15.Bxf3 Bxc4
16.Qxc4 c6 17.Qc3 Re8 18.e3 Qb6 19.Rab1 Nd6 20.Red1 Rad8 21.Bg2 Nb5 22.Qc2 Rd7
23.Rd2 Red8 24.Rbd1 Rd6 25.h4 h5 26.Qc4 Nc7 27.Qc3 Re8 28.d4 e4 29.a3 Nd5
30.Qc5 Qd8 31.b4 axb4 32.axb4 g5 33.hxg5 Rg6 34.b5 Qxg5 35.bxc6 bxc6 36.Qa7 h4
37.Qd7 Rd8 38.Qh3 hxg3 39.Re1 f5 40.Qxg3 Qh5 41.Qh2 Qxh2+ 42.Kxh2 Kf7 43.Rh1 Rh8+
44.Kg1 Rhg8 45.Rh7+ Kf8 46.Rb2 Rxg2+ 47.Kf1 R2g7 48.Rh5 Nxe3+ 49.Ke2 Nd5
50.Rxf5+ Ke7 51.Re5+ Kd6 52.Rc2 Re7 53.Rf5 e3  0-1

[Event "Meltwater Tour Final 2021"]
[Site "chess24.com INT"]
[Date "2021.10.03"]
[Round "8.1"]
[White "Nakamura,Hi"]
[Black "Artemiev,V"]
[Result "1/2-1/2"]
[WhiteElo "2736"]
[BlackElo "2699"]

1.Nf3 d5 2.g3 g6 3.Bg2 Bg7 4.d4 Nf6 5.c4 c6 6.O-O O-O 7.Qb3 a5 8.cxd5 a4
9.Qd1 cxd5 10.Nc3 Qa5 11.Bd2 Nc6 12.a3 Qa6 13.Re1 Bg4 14.Ne5 Be6 15.Nxc6 bxc6
16.Na2 Qb6 17.Bb4 Nd7 18.Bc3 Bf5 19.Nb4 e5 20.e3 exd4 21.Bxd4 Bxd4 22.exd4 Nf6
23.Rc1 Bd7 24.Qf3 Qxd4 25.Rcd1 Qxb2 26.Re2 Qb3 27.Re3 Qb2 28.Nd3 Qc3 29.Nb4 Qb2
30.Re2 Qb3 31.Re3 Qb2  1/2-1/2

[Event "Meltwater Tour Final 2021"]
[Site "chess24.com INT"]
[Date "2021.10.04"]
[Round "9.3"]
[White "Duda,J"]
[Black "Nakamura,Hi"]
[Result "0-1"]
[WhiteElo "2756"]
[BlackElo "2736"]

1.c4 e5 2.Nc3 Nf6 3.Nf3 Nc6 4.a3 d5 5.cxd5 Nxd5 6.Qc2 g6 7.Nxe5 Nxe5 8.Qe4 Bg7
9.Qxd5 Qe7 10.Qe4 f5 11.Qc2 O-O 12.f4 Nc6 13.e3 Nd4 14.Bc4+ Be6 15.Qa4 a6
16.O-O b5 17.Bxe6+ Qxe6 18.Qd1 Nb3 19.Rb1 c5 20.d3 Rad8 21.Qe2 Rfe8 22.e4 b4
23.axb4 cxb4 24.e5 bxc3 25.bxc3 a5 26.Rd1 a4 27.d4 Qd5 28.Bb2 Rc8 29.Qa6 Rc4
30.Rd3 Bf8 31.h4 Be7 32.Rg3 Ra8 33.Rxg6+ Kf7 34.Rf6+ Kg7 35.Qe6 Qxe6 36.Rxe6 Rc7
37.c4 Nd2 38.Rd1 Nxc4 39.Rc1 Kf7 40.Rh6 Rac8 41.Ba1 Ne3 42.Rxc7 Rxc7 43.d5 Rc1+
44.Kf2 Ng4+  0-1

[Event "Meltwater Tour Final 2021"]
[Site "chess24.com INT"]
[Date "2021.10.04"]
[Round "9.4"]
[White "Nakamura,Hi"]
[Black "Duda,J"]
[Result "1-0"]
[WhiteElo "2736"]
[BlackElo "2756"]

1.e4 e6 2.Qh5 d5 3.d3 c5 4.g3 Nf6 5.Qe2 Nc6 6.e5 Nd4 7.Qd1 Nd7 8.c3 Nc6 9.f4 g5
10.Nf3 g4 11.Nh4 h5 12.h3 Rg8 13.hxg4 hxg4 14.Be2 f5 15.Na3 a6 16.d4 cxd4
17.cxd4 Bb4+ 18.Kf1 Bxa3 19.bxa3 Qb6 20.Be3 Qa5 21.Qb3 Nb6 22.Kf2 Nc4 23.Bxc4 dxc4
24.Qxc4 Qxa3 25.Bc1 Qf8 26.Rb1 Rg7 27.Qc3 a5 28.Rb6 Nb4 29.Ba3 Qf7 30.Bxb4 axb4
31.Qb2 Qc7 32.Rxb4 Ra6 33.Rc1 Rxa2 34.Qxa2  1-0

[Event "Meltwater Tour Final 2021"]
[Site "chess24.com INT"]
[Date "2021.10.04"]
[Round "9.2"]
[White "Nakamura,Hi"]
[Black "Duda,J"]
[Result "0-1"]
[WhiteElo "2736"]
[BlackElo "2756"]

1.d4 Nf6 2.c4 g6 3.Nf3 Bg7 4.e3 O-O 5.Be2 d6 6.O-O Nbd7 7.b4 e5 8.Bb2 e4
9.Nfd2 Re8 10.Nc3 Nf8 11.d5 h5 12.Qc2 Bf5 13.Rfe1 N8h7 14.Nb3 Ng4 15.Nb5 a6
16.Bxg7 Kxg7 17.N5d4 Qh4 18.Nxf5+ gxf5 19.Bxg4 hxg4 20.Nd4 Kf6 21.Qb2 Re5
22.Kf1 Qxh2 23.Ke2 f4 24.Rh1 f3+ 25.gxf3 gxf3+ 26.Nxf3 exf3+ 27.Kd3 Qg2 28.Rag1 Ng5
29.Rxg2 fxg2 30.Rg1 Nf3 31.Rxg2 Ne1+ 32.Kd2 Nxg2 33.f4 Re8 34.fxe5+ Rxe5
35.e4 Kg6 36.Qa3 Nh4 37.Qg3+ Kh5 38.Kd3 b5 39.Qg8 bxc4+ 40.Kc3 f5 41.exf5 Nxf5
42.Qh7+ Kg4 43.Qxc7 Ne3 44.Qa7 Kf4 45.a4 Rxd5 46.Qf7+ Ke4 47.Qe8+ Kf3 48.b5 axb5
49.axb5 Rd3+ 50.Kb4 Rb3+ 51.Ka4 d5 52.Qc6 Ke2 53.Qh6 d4 54.Qh2+ Kd3 55.Qg1 Rb2
56.Qg6+ Kd2 57.Qg7 Kc3 58.Ka5 Ra2+ 59.Kb6 Rf2 60.Kc6 Kd3 61.Qh7+ Rf5 62.b6 c3
63.b7 c2 64.b8=Q c1=Q+ 65.Kd7 Qa3 66.Qb5+ Kd2 67.Qb6 Qa4+ 68.Ke6 Qe8+ 69.Qe7 Qxe7+  0-1

[Event "Meltwater Tour Final 2021"]
[Site "chess24.com INT"]
[Date "2021.10.04"]
[Round "9.1"]
[White "Duda,J"]
[Black "Nakamura,Hi"]
[Result "0-1"]
[WhiteElo "2756"]
[BlackElo "2736"]

1.Nf3 d5 2.d4 Nf6 3.c4 e6 4.Nc3 Be7 5.Bf4 O-O 6.e3 Nbd7 7.Be2 dxc4 8.O-O Nb6
9.a4 a5 10.Ne5 Nfd5 11.Bg3 c5 12.Nxc4 Nxc4 13.Bxc4 cxd4 14.Qxd4 Nxc3 15.Qxc3 Bb4
16.Qe5 Bd7 17.Rfd1 Qe7 18.Rd4 Bc6 19.Rg4 g6 20.h4 Rfe8 21.h5 f6 22.Qf5 Kh8
23.Qc2 g5 24.Rxg5 fxg5 25.Be5+ Kg8 26.Qf5 Bd5 27.Bxd5 exd5 28.Bf6 Qe4 29.Qxg5+ Kf7
30.Qg7+ Ke6 31.Qh6 Rg8 32.Bg7+ Kd7 33.Rd1 Ra6 34.Qg5 Be7 35.Qg3 Bd6 36.Qg5 h6  0-1

[Event "Speed Chess GP4 2021"]
[Site "chess.com INT"]
[Date "2021.10.09"]
[Round "1"]
[White "Nakamura,Hi"]
[Black "Popilski,G"]
[Result "1/2-1/2"]
[WhiteElo "2736"]
[BlackElo "2464"]

1.Nf3 d5 2.e3 Nf6 3.c4 e6 4.Nc3 c5 5.cxd5 exd5 6.d4 a6 7.Be2 Bd6 8.O-O O-O
9.dxc5 Bxc5 10.b3 Nc6 11.Bb2 Bg4 12.h3 Bh5 13.Nh4 Bg6 14.Rc1 Ba7 15.Nxg6 hxg6
16.Bf3 d4 17.exd4 Bxd4 18.Bxc6 bxc6 19.Na4 Bxb2 20.Nxb2 Qd5 21.Na4 Rad8 22.Qc2 Rfe8
23.Nc5 a5 24.Nb7 Rd7 25.Rfd1 Qg5 26.Qxc6 Re2 27.Nd6 Qf4 28.Qf3 Qxf3 29.gxf3 Rxa2
30.Kg2 g5 31.Nc4 Rxd1 32.Rxd1 Kh7 33.Ne5 Nh5 34.Nxf7 Nf4+ 35.Kg3 Kg6 36.Ne5+ Kf5
37.Ng4 Rb2 38.Ra1 Ne2+ 39.Kg2 Nf4+ 40.Kh2 Rxb3 41.Rxa5+ Kg6 42.Ra6+ Kh7 43.Ne3 Rb2
44.Kg3 Nh5+ 45.Kg4 Nf6+ 46.Kxg5 Rxf2 47.Kf4 Nh5+ 48.Kg4 Nf6+ 49.Kg3 Re2 50.Nf5 Re5
51.Nd4 Rg5+ 52.Kf2 Rd5 53.Ne6 Re5 54.h4 Kh6 55.Nf4 Rf5 56.Nh3 Kh5 57.Kg3 Kh6
58.Ra8 g6 59.Ng5 Nh5+ 60.Kh3 Nf4+ 61.Kg4 Kg7 62.Ra7+ Kg8 63.Rb7 Nh5 64.Ne6 Nf6+
65.Kg3 Nh5+ 66.Kf2 Rf6 67.Rb8+ Kh7 68.Ng5+ Kg7 69.Rb7+ Kg8 70.Ke3 Rf4 71.Rb8+ Rf8
72.Rb6 Nf4 73.Ke4 Kg7 74.Rb7+ Kg8 75.Rb6 Kg7 76.Ra6 Rf5 77.Ra7+ Kg8 78.Nf7 Rxf7
79.Rxf7 Kxf7 80.Kxf4 Kf6 81.Kg4 Kf7 82.Kg5 Kg7 83.f4 Kf7 84.Kh6 Kf6 85.Kh7 Kf7
86.Kh6 Kf6 87.h5 gxh5 88.Kxh5 Kf5 89.Kh6 Kxf4  1/2-1/2

[Event "Speed Chess GP4 2021"]
[Site "chess.com INT"]
[Date "2021.10.09"]
[Round "2"]
[White "Dordzhieva,D"]
[Black "Nakamura,Hi"]
[Result "0-1"]
[WhiteElo "2327"]
[BlackElo "2736"]

1.d4 g6 2.c4 Bg7 3.Nf3 c5 4.g3 Nc6 5.d5 Na5 6.Qc2 d6 7.Bg2 b5 8.cxb5 a6 9.b6 Qxb6
10.O-O Nf6 11.Nc3 O-O 12.Rd1 Rb8 13.Rb1 Qb4 14.e4 Bg4 15.h3 Bxf3 16.Bxf3 Nd7
17.Bg2 Nc4 18.Ne2 Na3 19.bxa3 Qxb1 20.Qa4 Nb6 21.Qxa6 Ra8 22.Qb7 Rfe8 23.Rf1 Rab8
24.Qa6 Qc2 25.Nf4 Nc4 26.Qc6 Bd4 27.h4 Ne5 28.Qa6 Rb1 29.Be3 Bxe3 30.fxe3 Ng4
31.Rxb1 Qf2+ 32.Kh1 Qxg3 33.Kg1 Qxe3+ 34.Kh1 Qg3 35.Kg1 Qf2+ 36.Kh1 Qxf4
37.Kg1 Qf2+ 38.Kh1 Qxh4+ 39.Kg1 Qf2+ 40.Kh1 Qf4 41.Kg1 Qh2+ 42.Kf1 Ne3+ 43.Kf2 Nxg2
44.Rg1 Ne3+ 45.Kxe3 Qxg1+ 46.Ke2 Qd4 47.Qc6 Rb8  0-1

[Event "Speed Chess GP4 2021"]
[Site "chess.com INT"]
[Date "2021.10.09"]
[Round "3"]
[White "Nakamura,Hi"]
[Black "Rychagov,A"]
[Result "1/2-1/2"]
[WhiteElo "2736"]
[BlackElo "2549"]

1.Nf3 d5 2.e3 Nf6 3.c4 c6 4.d4 Bg4 5.h3 Bh5 6.Nbd2 e6 7.g4 Bg6 8.Ne5 Nfd7
9.Nxg6 hxg6 10.Bg2 Be7 11.O-O f5 12.f4 Nf6 13.g5 Ne4 14.Nxe4 dxe4 15.c5 Na6
16.Bd2 Qd7 17.Qb3 Kf7 18.Ba5 Bd8 19.Bc3 Be7 20.Rfc1 Nc7 21.Be1 Nd5 22.Bf2 b6
23.cxb6 axb6 24.a3 c5 25.dxc5 Bxc5 26.Bf1 Rab8 27.Rc2 Rbc8 28.Rd1 Qe7 29.Rcd2 Rcd8
30.h4 Qc7 31.Bc4 Nxf4 32.Rxd8 Rxd8 33.Rxd8 Qxd8 34.exf4 Bxf2+ 35.Kxf2 Qd2+
36.Kg3 e3 37.Bxe6+ Ke7 38.Qd5 Qf2+ 39.Kh3 Qf1+ 40.Kh2 Qf2+ 41.Kh1 Qf1+ 42.Kh2 Qf2+
43.Kh3 Qf1+ 44.Kh2  1/2-1/2